000 00584nam a22001817a 4500
999 _c19245
_d19245
003 BDDh-ASL
005 20231015025750.0
008 201121s1975 b ||||| |||| 00| 0 eng d
040 _aBDDh-ASL
_cBDDh-ASL
082 _a940
_bWHH
100 1 _92169
_aWhite, Hayden
245 1 0 _aThe Historical Imagination in Nineteenth-Century Europe /
_cby Hayden White.
260 _aLondon :
_bThe Johns Hopkins University Press,
_c1975.
300 _axii, 448 p. :
_c23 cm.
504 _aIncludes bibliographical references and index.
651 0 _92170
_aEurope
_xHistory
942 _2ddc
_cBK